[Event "ROM-ch U14 Girls"]
[Site "Eforie Nord"]
[Date "2022.04.14"]
[Round "5"]
[White "Maria, Lia Alexandra"]
[Black "Criveanu, Maria"]
[Result "1-0"]
[WhiteElo "1753"]
[BlackElo "1518"]
[PlyCount "57"]
[EventDate "2022.04.11"]
[EventType "swiss"]
[EventRounds "9"]
[EventCountry "ROU"]
[SourceTitle "EXT 2023"]
[Source "ChessBase"]
[SourceDate "2022.10.05"]
[SourceVersion "1"]
[SourceVersionDate "2022.10.05"]
[SourceQuality "1"]

1. e4 e5 2. Nf3 Nc6 3. Bb5 a6 4. Ba4 d6 5. 0-0 Bd7 6. c3 g6 7. d4 Bg7 8. Re1 Nf6 9. Nbd2 0-0 10. Nf1 exd4 11. Nxd4 Nxd4 12. cxd4 c5 13. Bc2 Rc8 14. dxc5 dxc5 15. Bg5 Qc7 16. Ne3 Qc6 17. e5 Nh5 18. Nd5 Rfe8 19. Ne7+ Rxe7 20. Bxe7 Qe6 21. Bd6 Nf4 22. Be4 Bc6 23. Qf3 Nd5 24. Rad1 Ne7 25. Bxc6 Rxc6 26. g4 Nc8 27. b3 Na7 28. a4 Rb6 29. Bxc5 1-0

[Event "ROM-ch U14 Girls"]
[Site "Mamaia"]
[Date "2021.04.09"]
[Round "3"]
[White "Criveanu, Maria"]
[Black "Fileru, Maria"]
[Result "0-1"]
[WhiteElo "1275"]
[BlackElo "1668"]
[PlyCount "74"]
[EventDate "2021.04.07"]
[EventType "swiss"]
[EventRounds "9"]
[EventCountry "ROU"]
[SourceTitle "EXT 2022"]
[Source "ChessBase"]
[SourceDate "2021.10.06"]
[SourceVersion "1"]
[SourceVersionDate "2021.10.06"]
[SourceQuality "1"]

1. e4 e5 2. Nf3 Nc6 3. Bb5 a6 4. Ba4 b5 5. Bb3 Bb7 6. 0-0 Be7 7. c3 Nf6 8. Re1 0-0 9. d4 d6 10. Nbd2 h6 11. Nf1 Re8 12. Ng3 Bf8 13. Bc2 g6 14. h4 Bc8 15. d5 Ne7 16. Nh2 c6 17. dxc6 Nxc6 18. Be3 Qc7 19. h5 g5 20. Qd2 Kh8 21. f3 Be6 22. Ng4 Nxg4 23. fxg4 Bxg4 24. Bxg5 hxg5 25. Qxg5 Be6 26. Nf5 Qd8 27. Qg3 Bxf5 28. exf5 Qf6 29. Re4 Bh6 30. Qf3 d5 31. Rg4 e4 32. Qf2 Ne5 33. Rg3 Rg8 34. Rxg8+ Rxg8 35. Rd1 Ng4 36. Qe2 Qh4 37. g3 Qxg3+ 0-1

[Event "Balkan-ch U12 Girls"]
[Site "Tornelo INT"]
[Date "2020.10.31"]
[Round "2"]
[White "Christodoulou, Georgia"]
[Black "Criveanu, Maria"]
[Result "1-0"]
[WhiteElo "1164"]
[BlackElo "1264"]
[PlyCount "103"]
[EventDate "2020.10.31"]
[EventType "swiss"]
[EventRounds "7"]
[EventCountry "NET"]
[SourceTitle "EXT 2023"]
[Source "ChessBase"]
[SourceDate "2022.10.05"]
[SourceVersion "1"]
[SourceVersionDate "2022.10.05"]
[SourceQuality "1"]

1. e4 e5 2. Nf3 Nc6 3. Bb5 a6 4. Ba4 Nf6 5. d3 b5 6. Bb3 Be7 7. 0-0 0-0 8. Re1 d6 9. c3 Na5 10. Bc2 c5 11. Nbd2 Nc6 12. Nf1 Re8 13. h3 Bf8 14. Ng3 g6 15. d4 exd4 16. cxd4 Bg7 17. Be3 c4 18. Bg5 h6 19. Be3 Bb7 20. Qd2 Na5 21. d5 Nd7 22. Rab1 Rc8 23. Bd4 Bxd4 24. Qxd4 b4 25. Qd2 b3 26. axb3 cxb3 27. Bd3 Kh7 28. Qb4 Nc5 29. Qd2 Nxd3 30. Qxd3 Rc2 31. Nd4 Qc7 32. Nxc2 bxc2 33. Rbc1 Rc8 34. Re2 Qb6 35. Rexc2 Nb3 36. Rxc8 Nc5 37. R8xc5 dxc5 38. Qc3 Qd8 39. Qxc5 a5 40. Qc7 Qxc7 41. Rxc7 Ba6 42. Rxf7+ Kg8 43. Ra7 Bb5 44. Rxa5 Bd7 45. d6 Kf7 46. Ra7 Ke6 47. e5 g5 48. b4 h5 49. Nf1 g4 50. Ne3 g3 51. b5 Bxb5 52. Re7# 1-0

[Event "Balkan-ch U12 Girls"]
[Site "Tornelo INT"]
[Date "2020.10.31"]
[Round "4"]
[White "Criveanu, Maria"]
[Black "Papadopoulou, Marilena"]
[Result "0-1"]
[WhiteElo "1264"]
[BlackElo "1398"]
[PlyCount "108"]
[EventDate "2020.10.31"]
[EventType "swiss"]
[EventRounds "7"]
[EventCountry "NET"]
[SourceTitle "EXT 2023"]
[Source "ChessBase"]
[SourceDate "2022.10.05"]
[SourceVersion "1"]
[SourceVersionDate "2022.10.05"]
[SourceQuality "1"]

1. e4 e5 2. Nf3 Nc6 3. Bb5 a6 4. Ba4 Nf6 5. 0-0 d6 6. Re1 b5 7. Bb3 Be7 8. c3 0-0 9. h3 Na5 10. Bc2 c5 11. d4 Qc7 12. d5 Bd7 13. Nbd2 Rfe8 14. Nf1 Bf8 15. Bg5 Qd8 16. g4 Rb8 17. Ng3 g6 18. Kh2 h6 19. Be3 Nc4 20. Bc1 a5 21. b3 Nb6 22. Be3 c4 23. Qd2 Kh7 24. g5 Ng8 25. Kg2 h5 26. h4 Qc7 27. Nh2 cxb3 28. axb3 Rec8 29. Qe2 a4 30. Bd2 axb3 31. Bxb3 Nc4 32. Bxc4 bxc4 33. Qf3 Rb2 34. Qxf7+ Bg7 35. Nxh5 Bh3+ 36. Kxh3 Qxf7 37. Be3 gxh5 38. Rg1 Qd7+ 39. Kg3 Rc2 40. Ra7 Rc7 41. Ra8 Ne7 42. Kg2 Qb5 43. Nf3 Rxc3 44. Bd2 Rd3 45. Be3 Nxd5 46. g6+ Kxg6 47. Kh2+ Kf7 48. Ng5+ Ke7 49. Nh7 Kd7 50. Rxg7+ Kc6 51. Rgg8 Rxe3 52. fxe3 Nxe3 53. Ng5 Qb2+ 54. Kg3 Qg2# 0-1

[Event "Balkan-ch U12 Girls"]
[Site "Tornelo INT"]
[Date "2020.10.31"]
[Round "3"]
[White "Stankovic, Andrea"]
[Black "Criveanu, Maria"]
[Result "0-1"]
[WhiteElo "1419"]
[BlackElo "1264"]
[PlyCount "78"]
[EventDate "2020.10.31"]
[EventType "swiss"]
[EventRounds "7"]
[EventCountry "NET"]
[SourceTitle "EXT 2023"]
[Source "ChessBase"]
[SourceDate "2022.10.05"]
[SourceVersion "1"]
[SourceVersionDate "2022.10.05"]
[SourceQuality "1"]

1. d4 d5 2. c4 e6 3. Nc3 Be7 4. Nf3 Nf6 5. Bg5 0-0 6. e3 Nbd7 7. Bd3 dxc4 8. Bxc4 a6 9. a4 b6 10. 0-0 Bb7 11. Bd3 c5 12. Rc1 Rc8 13. Qe2 cxd4 14. exd4 Ra8 15. Rc2 Nb8 16. Rd1 Nc6 17. Ne5 Nxd4 18. Qf1 Qb8 19. Bxf6 Bxf6 20. Nd7 Qc7 21. Nxf8 Nxc2 22. Nxe6 fxe6 23. Bxc2 Bxc3 24. bxc3 Qxc3 25. Qe2 Bd5 26. Rb1 Rc8 27. Bd3 Qc1+ 28. Rxc1 Rxc1+ 29. Qf1 Rxf1+ 30. Kxf1 a5 31. f3 h6 32. Ke2 Kf7 33. Ke3 e5 34. Bb5 g5 35. g3 Ke6 36. f4 gxf4+ 37. gxf4 e4 38. Kd4 Bb7 39. Bf1 Bc6 0-1

[Event "EU-ch Online U12 Girls"]
[Site "Tornelo INT"]
[Date "2020.09.18"]
[Round "3"]
[White "Criveanu, Maria"]
[Black "Kuznecova, Marija"]
[Result "1-0"]
[WhiteElo "1264"]
[BlackElo "1595"]
[PlyCount "61"]
[EventDate "2020.09.18"]
[EventType "swiss (rapid)"]
[EventRounds "9"]
[EventCountry "NET"]
[SourceTitle "EXT 2023"]
[Source "ChessBase"]
[SourceDate "2022.10.05"]
[SourceVersion "1"]
[SourceVersionDate "2022.10.05"]
[SourceQuality "1"]
[WhiteTeam "Romania"]
[BlackTeam "Latvia"]
[WhiteTeamCountry "ROU"]
[BlackTeamCountry "LAT"]

1. e4 c5 2. Nf3 d6 3. c3 e6 4. d4 cxd4 5. cxd4 Nf6 6. Nc3 Be7 7. Be2 0-0 8. 0-0 a6 9. a4 Nc6 10. Be3 Re8 11. Qc2 Bf8 12. e5 Nd5 13. Bd2 dxe5 14. dxe5 Ndb4 15. Qe4 h6 16. Rad1 Qc7 17. Rfe1 b6 18. Bf1 Bb7 19. Qg4 Kh8 20. Qh4 Rad8 21. Re4 Rd7 22. Rg4 Nxe5 23. Nxe5 Qxe5 24. Bxh6 gxh6 25. Rxd7 Bc6 26. Rxf7 Qg7 27. Rgxg7 Bxg7 28. Qxb4 Rb8 29. Qg4 Rg8 30. Qg6 Bd5 31. Bd3 1-0

[Event "ROM-ch U10 Girls"]
[Site "Calimanesti"]
[Date "2018.03.29"]
[Round "4"]
[White "Stan, Oana Bianca"]
[Black "Criveanu, Maria"]
[Result "1/2-1/2"]
[WhiteElo "1237"]
[BlackElo "1118"]
[PlyCount "77"]
[EventDate "2018.03.27"]
[EventType "swiss"]
[EventRounds "9"]
[EventCountry "ROU"]
[SourceTitle "CBM 183 Extra"]
[Source "ChessBase"]
[SourceDate "2018.04.19"]
[SourceVersion "1"]
[SourceVersionDate "2018.04.19"]
[SourceQuality "1"]

1. d4 Nf6 2. Nf3 e6 3. Bf4 Nc6 4. Nc3 d5 5. h3 Bb4 6. a3 Bd6 7. Ne5 Bxe5 8. dxe5 Nd7 9. e4 d4 10. Nb5 Ndxe5 11. Bxe5 Nxe5 12. Qxd4 Qxd4 13. Nxd4 Bd7 14. Be2 0-0-0 15. 0-0-0 Ng6 16. g3 e5 17. Nb5 Bxb5 18. Bxb5 a6 19. Bd3 h5 20. Be2 Kb8 21. Rd3 Rxd3 22. Bxd3 h4 23. Bc4 f6 24. Be6 hxg3 25. fxg3 Rd8 26. Rd1 Rxd1+ 27. Kxd1 c6 28. Ke2 Kc7 29. Kf3 Kd6 30. Bc8 Kc7 31. Bf5 Ne7 32. Kg4 Kd8 33. h4 g6 34. Be6 Ke8 35. h5 gxh5+ 36. Kxh5 Kf8 37. Kh6 b6 38. b4 b5 39. c3 1/2-1/2

[Event "ROM-ch U10 Girls"]
[Site "Baile Felix"]
[Date "2017.02.06"]
[Round "6"]
[White "Preda, Alessia Elena"]
[Black "Criveanu, Maria"]
[Result "1-0"]
[WhiteElo "1226"]
[BlackElo "1214"]
[PlyCount "73"]
[EventDate "2017.02.02"]
[EventType "swiss"]
[EventRounds "9"]
[EventCountry "ROU"]
[SourceTitle "CBM 176 Extra"]
[Source "ChessBase"]
[SourceDate "2017.03.02"]
[SourceVersion "1"]
[SourceVersionDate "2017.03.02"]
[SourceQuality "1"]

1. e4 e5 2. Nf3 Nc6 3. d4 exd4 4. Nxd4 Bc5 5. Nb3 Bb6 6. Nc3 Nf6 7. Qe2 d6 8. Be3 Be6 9. 0-0-0 Bxb3 10. axb3 0-0 11. h4 Ba5 12. f3 Bxc3 13. bxc3 a5 14. g4 a4 15. g5 Nd7 16. Kb2 Nb6 17. h5 Ne5 18. f4 Ned7 19. Qg2 Qe7 20. g6 h6 21. f5 f6 22. Rg1 Ne5 23. Bd3 Ra5 24. Ka2 d5 25. b4 Ra7 26. Bc5 Qe8 27. Bxf8 Qxf8 28. exd5 Qd6 29. Be2 Nbc4 30. Bxc4 Nxc4 31. Rge1 Ra8 32. Re6 Qd7 33. Rde1 Ne5 34. Rd1 a3 35. d6 Qb5 36. Qd5 Qe2 37. Re8# 1-0